LA REVOLUCION EN NICARAGUA: LIBERACION NACIONAL, DEMOCRACIA POPULAR Y TRANSFORMACION ECONOMICA/

Salvato in:
Dettagli Bibliografici
Altri autori: Harris, Richard (compilación) (compilación)
Natura: Libro
Serie:EL HOMBRE Y SU TIEMPO
Soggetti:
Tags: Aggiungi Tag
Nessun Tag, puoi essere il primo ad aggiungerne!!

MARC

LEADER 00000nam^a2200000^a^4500
001 000220497
005 20250521000000.0
009 20260310103848.668
020 |a 968-411-137-1 
035 |a 024217 
037 |a Acervo Xavier Clavigero 
082 |a 972. 85053  |b REV 
245 1 3 |a LA REVOLUCION EN NICARAGUA:  |b LIBERACION NACIONAL, DEMOCRACIA POPULAR Y TRANSFORMACION ECONOMICA/  |c COMP. RICHARD HARRIS Y CARLOS M. VILAS 
264 |a MEXICO :  |b ERA,  |c 1985 
300 |a 351p. :  |b tbs. 
336 |a texto  |b txt  |2 rdacontenido 
337 |a sin mediación  |b n  |2 rdamedio 
338 |a volumen  |b nc  |2 rdasoporte 
440 |a EL HOMBRE Y SU TIEMPO 
649 |a XX 
650 |a NICARAGUA -  |x HISTORIA 1979- 
700 |a Harris, Richard  |e (compilación) 
910 |a Fondo General 
920 |a Impresos - Libros 
930 |a Colección General 
905 |a 101 
901 |a 024217  |b IT1  |c ACC  |i 024217  |u 20250521 
901 |a 016111  |b IT1  |c ACC  |i 016111  |u 20250521 
902 |a https://opac.biblio.iteso.mx/vufind/Record/000220497